[Event "Valasska Bystrice op"]
[Site "Valasska Bystrice"]
[Date "2013.09.14"]
[Round "9"]
[White "Perik, Alois"]
[Black "Barinka, Miroslav"]
[Result "0-1"]
[WhiteElo "1851"]
[BlackElo "1735"]
[PlyCount "62"]
[EventDate "2013.09.07"]
[EventType "swiss"]
[EventRounds "9"]
[EventCountry "CZE"]
[SourceTitle "CBM 156 Extra"]
[Source "ChessBase"]
[SourceDate "2013.10.22"]
[SourceVersion "1"]
[SourceVersionDate "2013.10.22"]
[SourceQuality "1"]

1. c4 b6 2. Nc3 Bb7 3. d4 g6 4. Nf3 Bg7 5. e3 e6 6. b3 Ne7 7. Bb2 d6 8. Be2 Nd7 9. 0-0 0-0 10. Qd2 Nf6 11. Rfd1 c6 12. Ng5 d5 13. cxd5 cxd5 14. Nf3 Nf5 15. Rac1 Nd6 16. Ne1 Nfe4 17. Nxe4 Nxe4 18. Qd3 a5 19. Qb1 Rc8 20. Ba3 Re8 21. Bb5 Qh4 22. g3 Qh3 23. Bxe8 Rxe8 24. Ng2 Ba6 25. Qb2 Ng5 26. f4 Nf3+ 27. Kf2 Nxh2 28. Rh1 Ng4+ 29. Kg1 Qxg3 30. Qd2 Qf3 31. Rc3 Qf1# 0-1

[Event "Valasska Bystrice op"]
[Site "Valasska Bystrice"]
[Date "2013.09.07"]
[Round "1"]
[White "Malcanek, Jan"]
[Black "Barinka, Miroslav"]
[Result "1-0"]
[WhiteElo "2033"]
[BlackElo "1735"]
[PlyCount "59"]
[EventDate "2013.09.07"]
[EventType "swiss"]
[EventRounds "9"]
[EventCountry "CZE"]
[SourceTitle "CBM 156 Extra"]
[Source "ChessBase"]
[SourceDate "2013.10.22"]
[SourceVersion "1"]
[SourceVersionDate "2013.10.22"]
[SourceQuality "1"]

1. e4 b6 2. d4 Bb7 3. Bd3 g6 4. f4 Bg7 5. Nf3 e6 6. 0-0 Ne7 7. Be3 0-0 8. Nbd2 d6 9. Qe1 Nbc6 10. c3 Qd7 11. Qh4 f6 12. Rae1 Rad8 13. h3 a6 14. Bc2 b5 15. Qg3 f5 16. e5 Nd5 17. exd6 Qxd6 18. Nb3 Bh6 19. Ng5 Nce7 20. Nc5 Bc8 21. Bc1 Rf6 22. Qh4 Kg7 23. Re2 c6 24. Rfe1 Nc7 25. Nge4 fxe4 26. Nxe4 Rxf4 27. Qxh6+ Kxh6 28. Nxd6 g5 29. Bxf4 gxf4 30. Nf7+ 1-0